Phương pháp nghiên cứu các tác phẩm của Lênin Tập 1

Những chỉ dẫn về phương pháp nghiên cứu 7 tác phẩm quan trọng đầu tiên của V. I. Lênin: những người "bạn dân" là thế nào và họ đấu tranh chống những người dân chủ-xã hội ra sao. Nhiệm vụ của những người dân chủ xã hội Nga. Làm gì?...

Full description

Saved in:
Bibliographic Details
Format: Book
Published: H. Sách giáo khoa Mác-Lênin 1987
Subjects:
Tags: Add Tag
No Tags, Be the first to tag this record!
Institutions: Mạng thư viện Đại học Đà Nẵng
LEADER 01501nam a22003618a 4500
001 000008198
003 4382
005 20111014101020.0
008 111014s1987 b 000 0 od
020 |c 3500đ  |d 7.200b 
041 0 |a dịch liên xô 
082 |a 335.43  |b Phư 
084 |a aa26031  |b PH561P 
245 1 0 |a Phương pháp nghiên cứu các tác phẩm của Lênin  |n Tập 1 
260 |a H.  |b Sách giáo khoa Mác-Lênin  |c 1987 
300 |a 143tr  |c 19cm 
505 |a Tập 1 
520 |a Những chỉ dẫn về phương pháp nghiên cứu 7 tác phẩm quan trọng đầu tiên của V. I. Lênin: những người "bạn dân" là thế nào và họ đấu tranh chống những người dân chủ-xã hội ra sao. Nhiệm vụ của những người dân chủ xã hội Nga. Làm gì? 
653 |a V. I. Lênin 
653 |a tác phẩm 
653 |a chủ nghĩa Mác-Lênin 
773 |t Phương pháp nghiên cứu các tác phẩm của Lênin  |w 4383 
910 |a Nguyễn Thị Kim Oanh  |d 14/10/2011 
OWN |a LSP 
AVA |a UDN50  |b LSP  |d 335.43 Phư  |e unavailable  |t Error 5002 Not defined in file expand_doc_bib_avail.  |f 1  |g 1  |h N  |i 0  |k 1 
999 |a From the UDN01 
AVA |a UDN50  |b LSP  |d 335.43 Phư  |e unavailable  |t Error 5002 Not defined in file expand_doc_bib_avail.  |f 1  |g 1  |h N  |i 0  |k 1 
TYP |a Monograph 
TYP |a Printed language 
980 |a Mạng thư viện Đại học Đà Nẵng